000 01041cam a22002778a 4500
005 20100713144842.0
008 100713s2010 cau b 001 0 eng
010 _aENG-101765
020 _a9788132104629
_c395.00
035 _aEN-85298
037 _bDBAD/PUB
040 _adpl
_bEng
082 0 0 _a323
_222
100 1 _aSharma, Mukul
_d1961-
_924605
245 1 0 _aHuman rights in a globalised world :
_ban Indian diary /
_cby Mukul Sharma
260 _aNew Delhi
_bSAGE Publications
_c2010
270 _aB1/I-1 Mohan Cooperative Industrial Area, Mathura Road
_bNew Delhi
_e110044
300 _axxii,271p.
_c23cm (pbk)
500 _aIncludes bibliographical references and index.
650 0 _aHuman rights.
_924606
650 0 _aHuman rights
_zIndia.
_924607
651 0 _aIndia
_xSocial conditions
_y21st century.
_924608
942 _2ddc
_cEN
_h323
_mSHA
999 _c48981
_d48981